000 00464nam a2200133Ia 4500
008 220217s9999 xx 000 0 und d
245 0 _aFlexible cellular polymeric materials-Sponge and expanded cellular rubber products-Specification. Part I. Sheeting
260 _aSwitzerland
260 _c1995
_bInternational Standards Organization
490 _aInternational standard
500 _aStandard number: ISO 6916-1
650 _aPolymeric materials
942 _cST
999 _c74182
_d74182